Missing Word: 70s 'Rock' Songs (A-Z) Quiz Stats

 Plays Quiz Updated Apr 17, 2016

Challenge
Share
Tweet
Embed
Score 0/23 Timer 05:00
1 Play Today
Title Missing Word % Correct
Y - We Will Rock ____You
95.8%
N - Rock And Roll ____ ForgetsNever
92.2%
A - Take Me in Your ____ (Rock Me a Little While)Arms
91%
W - Rockin' All Over the ____World
91%
O - It's ____ Rock 'n Roll (But I Like It)Only
90.7%
J - I'm ____ a Singer (In a Rock and Roll Band)Just
90.3%
I - ____ a Long Way to the Top (If You Wanna Rock 'n' Roll)It's
89.8%
S - Rock 'n' Roll High ____School
88.7%
C - ____ RockCrocodile
86.4%
K - Rock and Roll, Hoochie ____Koo
84.1%
V - ____ and Mars/Rock ShowVenus
77%
D - ____ Rock CityDetroit
74.3%
Title Missing Word % Correct
B - Rock Your ____Baby
67%
G - Rock Me ____Gently
59.8%
R - Rockin' ____Robin
59%
Q - Rock n' Roll Party ____Queen
51.6%
M - Rock'n ____Me
42.7%
H - Rock and Roll ____Heaven
38.2%
P - Rockin' ____ and the Boogie Woogie FluPneumonia
38.1%
F - Rock 'N' Roll ____Fantasy
35%
T - ____ Rock 'n' RollThat's
23.2%
L - Rock And Roll ____Lullaby
17.1%
E - ____ RockEagle
9.3%

Today's Daily Dose

Missing Word
No Snow!

Word Ladder
Wild Cats

On This Day
December 16th II

You're not logged in!

Compare scores with friends on all Sporcle quizzes.
OR
Log In

You Might Also Like...

Show Comments

Extras

Top Quizzes Today


Score Distribution

Your Account Isn't Verified!

In order to create a playlist on Sporcle, you need to verify the email address you used during registration. Go to your Sporcle Settings to finish the process.

Report this User

Report this user for behavior that violates our Community Guidelines.

Details: